00542nam a2200157Ia 4500008004100000040001800041041000800059100003600067245005400103260005500157300001800212490003200230504002900262600006700291650002600358130821s1989 ck gr spa  aCo-BoUCMbspa aspa1 aLopez Michelsen, Alfonsod1908-13aEl quehacer literariocAlfonso López, Michelsen aBogotá (Colombia)bInstituto Caro y Cuervoc1989 a243 páginas aLa Granada entreabierta, 51 aIncluye índice general14aLópez Michelsen, Alfonsod1908-vEnsayos, conferencias, etc.04aLiteratura colombiana